01679nam a2200457 i 450000100060000000300080000600500170001400600190003100700150005000800410006502000270010602000180013303500230015103500240017403500250019803500220022304000310024505000270027608000100030308200180031310000320033124500880036326400280045130000410047933600310052033700330055133800430058449000180062750000220064558801230066759001590079065000450094965000520099465000210104665000100106765500270107779700190110483000190112385600620114299900170120458455FlNmELB20241216233018.0m o d | cr cnu||||||||170526s2015 sp o 001 0 spa d a9788416479924 (e-book) z9788416113811 a(MiAaPQ)EBC4849623 a(Au-PeEL)EBL4849623 a(CaPaEBR)ebr11379155 a(OCoLC)1009115134 aFINmELBbspaerdacFINmELB 4aPN1995.9.H5bF365 2015 a791.40 a791.436582231 aFernández Castro, Carlos.10aCine a la carta :buna película para cada momento /cCarlos Fernández Castro. 1aAlicante :bECU,c2015. a1 recurso en línea (178 páginas) atextobtxt2rdacontent/spa acomputadorabc2rdamedia/spa arecurso en líneabcr2rdacarrier/spa1 aECU Narrativa aIncluye índice. aDescripción basada en recurso en línea; Título de la página del título en PDF (e-libro, visto May 26, 2017). aRecurso electronico. Santa Fe, Arg. : e-libro, 2016. Disponible via World Wide Web. El acceso puede ser limitado para las bibliotecas afiliadas a e-libro. 0aHistorical filmsxHistory and criticism. 4aPelículas históricasxHistoria y crítica. 0aMotion pictures. 4aCine. 4aLibros electrónicos.2 ae-libro, Corp. 0aECU Narrativa.40uhttps://elibro.net/ereader/politecnicointernacional/44192 c58455d58455